00608nam a22001697a 450000500170000001000130001702000260003003500110005603700130006708200080008010000410008824500850012924600570021426000520027127000920032330000230041520200924114844.0 aUR-10869 c500.00a9789389733914 aU-9424 bDBAD/PUB a440 aر في‍ق ا حمد با نڈ ے  aقو ا عد ا ر د و کی پہچا ن cر في‍ق ا حمد با نڈ ے  bQawayed Urdu Ki Pehchan(Urdu)aby Rafiq Ahmed Banday aN.Delhi bEducational Publishing Housec2020 ء aH.O.D1/16,Ansari Road,Darya ganj,bN.Delhie110002k45678285,23216162l0091-11-23211540 a134 ص c22 Cm(Hb)